Simple Geometry Dash Quiz - Statistics

General Stats
  • This quiz has been taken 11 times
  • The average score is 13 of 15
Answer Stats
Hint Answer % Correct
What is the number of user coins needed for "So... Greed Much?" 100
100%
What is the number of diamonds needed to unlock The Challenge? 200
100%
What is the hardest level in the game (not Slaughterhouse anymore)? Acheron
100%
What is the new(ish) name of KrazyMan50? KrMaL
100%
Which music artist has the most songs in the main levels of all games (includes World, Meltdown, and Subzero, excludes Lite) Waterflame
100%
What is the most recent major update? 2.1
88%
How many creator points does an epic rating give? 3
88%
Time since release of above (years)? 6
88%
What is the 15th main level? Electrodynamix
88%
What is the first level of the Fire Gauntlet? Outerspace
88%
Who is the best player in the game (not spaceuk anymore)? Zoink
88%
What is the number of secret coins in all games (includes secrets and Meltdown/Subzero, excludes Lite)? 167
63%
Who has the most creator points (not Viprin anymore)? YunHaSeu14
63%
What is the creator point count of the person above? 288
50%
Who is the most subscribed-to GD Youtuber? Robtop
50%
No matching quizzes found
Score Distribution
Percent of People with Each Score
Percentile by Number Answered
Your Score History
You have not taken this quiz